000 00916cam a22002653a 4500
001 32581
003 PGUSA
005 20140828083715.0
008 100529s2010||||xxu|||||s|||||000 1 eng d
040 _aPGUSA
_beng
042 _adc
050 4 _aPS
100 1 _aKelly, Myra,
_d1876-1910
245 1 0 _aLittle Aliens
_h[electronic resource] /
_cMyra Kelly
260 _bProject Gutenberg,
_c2010
505 0 _aEvery goose a swan -- Games in gardens -- A brand from the burning -- Friends -- The magic cape -- Bailey's babies -- The origin of species -- The etiquette of Yetta -- A bent twig.
506 _aPublic domain in the USA.
516 _aElectronic text
653 _aTeachers -- Fiction
653 _aImmigrant children -- Fiction
653 _aLower East Side (New York, N.Y.) -- Fiction
830 0 _aProject Gutenberg
_v32581
856 4 0 _uhttp://www.gutenberg.org/ebooks/32581
942 _cEB
999 _c261836
_d261836